| 000 | 00752cab a2200253 4500 | ||
|---|---|---|---|
| 001 | WB3207-06 | ||
| 008 | 090401t1996 xxu||||| |||| 00| 0 eng d | ||
| 035 | _a(Sirsi) u27795 | ||
| 041 | _aeng | ||
| 245 | _aBomb bill: £100m | ||
| 260 | _c1996 | ||
| 350 | _a0 | ||
| 490 |
_aIndependent _v12 February 1996, 3 |
||
| 490 |
_aFinancial Times _v15 February 1996, 8(1) |
||
| 520 | _aDescribes the extent of damage to 800,000sq ft of office space on the Isle of Dogs as a result of the IRA bomb on Friday 9 February 1996. | ||
| 650 | _aBOMB DAMAGE | ||
| 650 | _aISLE OF DOGS | ||
| 650 | _aLONDON DOCKLANDS | ||
| 650 | _aOFFICE BUILDINGS | ||
| 650 | _aTERRORISM | ||
| 690 | _aPROPERTY-COMMERCIAL PROPERTY | ||
| 942 | _n0 | ||
| 948 | _c04/03/1997 | ||
| 999 |
_c18726 _d18726 |
||